000 00225 a2200097 4500
001 45348
100 _aMolana Mufti Muhammad Shahfi
245 _aMaghreful-Quran
260 _aKarachi
_bIdra Maghref
_c
090 _c28514
_d28514
942 _aNUST-CAE
_cM
_c20574
999 _c280421
_d280421